00000000nam 2200000zi 4500
0019.954838
003CaOODSP
00520250923095731
006m     o  d f      
007cr |n|||||||||
008250904t20252025quc     o    f|0| 0 eng d
020 |a9780660787954
040 |aCaOODSP|beng|erda|cCaOODSP
043 |an-cn---
0861 |aEn4-94/12-2025E-PDF
24500|aTank tip 12 : |bstorage tank regulations checklists.
250 |a[2025 edition].
264 1|a[Gatineau, Quebec] : |bEnvironment and Climate Change Canada = Environnement et changement climatique Canada, |c[2025]
264 4|c©2025
300 |a1 online resource (6 unnumbered pages)
336 |atext|btxt|2rdacontent
337 |acomputer|bc|2rdamedia
338 |aonline resource|bcr|2rdacarrier
500 |aIssued also in French under title: Sachez stocker 12 : aide-mémoire - règlement sur les systèmes de stockage.
500 |aCaption title.
650 0|aOil storage tanks|xLaw and legislation|zCanada.
650 0|aPetroleum products|xStorage|xLaw and legislation|zCanada.
7101 |aCanada. |bEnvironment and Climate Change Canada, |eissuing body.
77508|tSachez stocker 12 : |w(CaOODSP)9.954837
795 |tTank tip 12 : |b[2023 edition]|w(CaOODSP)9.919576
85640|qPDF|s912 KB|uhttps://publications.gc.ca/collections/collection_2025/eccc/en4/En4-94-12-2025-eng.pdf